Statistics for Premier League General Knowledge #3

Click here to take the quiz!

General Stats

  • This quiz has been taken 765 times
    (135 since last reset)
  • The average score is 6 of 17

Answer Stats

QuestionAnswer% Correct
Who are the three former Middlesbrough managers that have also managed England?Gareth Southgate
81%
Who wore the #7 shirt for Manchester United before Cristiano Ronaldo?David Beckham
70%
Which club has been relegated the most times from the Premier League?Norwich City
68%
Who was Liverpool's shirt sponsor from 1992 until 2010?Carlsberg
60%
Which Swedish striker joined Manchester United for a two-month loan spell in 2007?Henrik Larsson
56%
Who has managed both Arsenal and Tottenham Hotspur in the Premier League?George Graham
41%
Who played in the Premier League for Sheffield Wednesday, West Ham United and Charlton Athletic?Paolo Di Canio
29%
Who are the three former Middlesbrough managers that have also managed England?Steve McClaren
29%
Which country did former Huddersfield Town manager David Wagner represent at international level?United States
26%
Who broke Wayne Rooney's record of being the youngest Premier League goalscorer in 2002 at the age of 16 years and 356 days?James Milner
21%
Who are the three former Middlesbrough managers that have also managed England?Terry Venables
20%
When Andy Cole joined Manchester United from Newcastle United, which midfielder went the other way?Keith Gillespie
19%
Joe Royle managed which club before taking charge of Everton and Manchester City?Oldham Athletic
18%
Which former Aston Villa midfielder came out as gay in 2014?Thomas Hitzlsperger
12%
Which club was the first to be deducted points in the Premier League?Middlesbrough
10%
Who scored the Premier League's 15,000th goal?Moritz Volz
6%
Who is the only player to have been signed twice by Sir Alex Ferguson at Manchester United?Mark Bosnich
3%

Score Distribution

Percentile by Number Answered

Percent of People with Each Score

Your Score History

You have not taken this quiz since the last reset